000 00292nam a22001337a 4500
008 180118b xxu||||| |||| 00| 0 eng d
020 _a9781565421561
041 _aeng
080 _a34
100 _a14
101 _aJUR
245 _aFEDERAL INCOME TAXATION
_cPAUL.B.S
942 _2udc
_cBK
999 _c40514
_d40514